000 00476 a2200169 4500
003 OSt
005 20231220115154.0
008 231220b |||||||| |||| 00| 0 eng d
020 _a9789350722008
040 _coclc
082 _a891.43
_bNAR/D
100 _aNarain,Kunvar
_910182
245 _aDISHAON KA KHULA AKASH /
_cKunwar Narayanan
260 _aNew Delhi:
_bVani Prakashan,
300 _a180p
942 _2ddc
_cBK
_h891.43
_iNAR/D
_k891.43
_mNAR/D
999 _c43503
_d43503